عرض عادي
عرض مارك
- Africa, West
دخول Geographic Name
001 - CONTROL NUMBER
- control field: 20794
003 - CONTROL NUMBER IDENTIFIER
- control field: AE-AdECS
005 - DATE AND TIME OF LATEST TRANSACTION
- control field: 20250925092347.0
008 - FIXED-LENGTH DATA ELEMENTS
- fixed length control field: 250925|| aca||aabn | a|a d
040 ## - CATALOGING SOURCE
- Original cataloging agency: AE-AdECS
- Transcribing agency: AE-AdECS
151 ## - HEADING--GEOGRAPHIC NAME
- Geographic name: Africa, West
- General subdivision: Politics and government
- Chronological subdivision: 1960-
670 ## - SOURCE DATA FOUND
- Source citation: Work cat.: (AE-AdECS)292362: Turtio, Riina, author. 20789, State-building and national militaries in postcolonial West Africa :
